00477nam a2200181Ia 4500003000400000008004100004040001600045082001600061100002500077245004800102260004900150300001000199650000900209650002600218650001100244650002800255650001200283GCL140319s9999 xx 000 0 eng d aGCL / cGCL04a750.92bF D1 aFRIEDLAENDER, WALTER10aDAVID TO DELACROIX / cFRIEDLAENDER, WALTER a[S.N] : bHARVARD UNVIERSITY PRESS ، c1980 a106 P04aARTS04aHISTORY AND CRITICISM04aFRANCE04aPAINTING - ILLUSTRATION04aBAROQUE